000 00342nam a2200133Ia 4500
008 200103s9999||||xx |||||||||||||| ||und||
040 _aIMU-MPC
082 _aColumn-50
100 _aMartin, Thomas
245 0 _aFaraday's Discovery of Electro-Magnetic Induction
260 _bEdward Arnold & Co., London
_c1949
300 _a160
942 _cBK
999 _c9848
_d9848